[Event "POR-ch U16"]
[Site "Luso"]
[Date "2017.04.12"]
[Round "7"]
[White "Martins, Antonio MG Costa"]
[Black "Pedroso, Paulo Duarte Rodrig"]
[Result "1-0"]
[WhiteElo "1468"]
[BlackElo "1498"]
[PlyCount "83"]
[EventDate "2017.04.08"]
[EventType "swiss"]
[EventRounds "7"]
[EventCountry "POR"]
[SourceTitle "EXT 2018"]
[Source "ChessBase"]
[SourceDate "2017.10.13"]
[SourceVersion "1"]
[SourceVersionDate "2017.10.13"]
[SourceQuality "1"]

1. e4 c5 2. Nf3 e6 3. d4 cxd4 4. Nxd4 a6 5. Bd3 b5 6. Qe2 d6 7. 0-0 Bb7 8. a4 bxa4 9. Rxa4 Nf6 10. Nc3 Be7 11. Be3 Nfd7 12. Nb3 Ne5 13. Na5 Bc8 14. Nc4 Nxd3 15. Qxd3 Qc7 16. Nb6 Ra7 17. Nxc8 Rb7 18. Nxe7 Rxb2 19. Rc4 Qa5 20. Rc8+ Kxe7 21. Rxh8 h6 22. h3 Nc6 23. Rb1 Ne5 24. Qd1 Qxc3 25. Rxb2 Qxb2 26. Bd4 Qb5 27. Bxe5 Qxe5 28. Qd3 a5 29. Ra8 Qa1+ 30. Kh2 a4 31. Ra7+ Kf8 32. Qxd6+ Kg8 33. Qb4 a3 34. Rxa3 Qc1 35. Rf3 Qxc2 36. Qb7 Qc1 37. Qxf7+ Kh8 38. Rg3 Qa1 39. Qxe6 Qb2 40. Qe8+ Kh7 41. e5 Qc2 42. Qf7 1-0

[Event "POR-ch U16"]
[Site "Luso"]
[Date "2017.04.09"]
[Round "3"]
[White "Ribeiro, Andre Amorim"]
[Black "Pedroso, Paulo Duarte Rodrig"]
[Result "1-0"]
[WhiteElo "1283"]
[BlackElo "1498"]
[PlyCount "115"]
[EventDate "2017.04.08"]
[EventType "swiss"]
[EventRounds "7"]
[EventCountry "POR"]
[SourceTitle "EXT 2018"]
[Source "ChessBase"]
[SourceDate "2017.10.13"]
[SourceVersion "1"]
[SourceVersionDate "2017.10.13"]
[SourceQuality "1"]

1. e4 c5 2. Nf3 e6 3. c3 a6 4. d4 cxd4 5. cxd4 d6 6. Nc3 b5 7. d5 e5 8. Bd3 Nd7 9. Be3 Ngf6 10. h3 Be7 11. 0-0 0-0 12. b4 Bb7 13. a4 Rc8 14. axb5 Rxc3 15. bxa6 Ba8 16. Qd2 Qc7 17. b5 Rc8 18. Rab1 Nb6 19. Bxb6 Qxb6 20. Rfc1 Qa5 21. Rxc3 Qxc3 22. Qxc3 Rxc3 23. b6 Rc8 24. b7 Bxb7 25. Rxb7 Bf8 26. a7 Ra8 27. Bb5 Nxe4 28. Bc6 Nc5 29. Rc7 Na6 30. Bxa8 Nxc7 31. Bb7 f6 32. a8Q Nxa8 33. Bxa8 Be7 34. Bc6 Bd8 35. Nd2 Bb6 36. Kf1 Kf7 37. Ke2 Ke7 38. g3 f5 39. Ba4 Kf6 40. g4 fxg4 41. Ne4+ Ke7 42. hxg4 Bc5 43. Nxc5 dxc5 44. Bc2 h6 45. Kf3 Kf6 46. Ke4 g6 47. d6 Ke6 48. d7 Kxd7 49. Kxe5 Kc6 50. Kf6 h5 51. gxh5 gxh5 52. Kg5 Kd5 53. Kxh5 Ke5 54. Kg5 c4 55. f4+ Ke6 56. Kg6 Ke7 57. Kg7 Ke6 58. f5+ 1-0

[Event "POR-ch U16"]
[Site "Luso"]
[Date "2016.07.23"]
[Round "6"]
[White "Pedroso, Paulo Duarte Rodrig"]
[Black "Mendes, Afonso V Ferraz Sou"]
[Result "1-0"]
[WhiteElo "1517"]
[BlackElo "1340"]
[PlyCount "101"]
[EventDate "2016.07.20"]
[EventType "swiss"]
[EventRounds "7"]
[EventCountry "POR"]
[SourceTitle "EXT 2018"]
[Source "ChessBase"]
[SourceDate "2017.10.13"]
[SourceVersion "1"]
[SourceVersionDate "2017.10.13"]
[SourceQuality "1"]

1. e4 c5 2. Nf3 Nc6 3. d4 cxd4 4. Nxd4 g6 5. c4 Bg7 6. Be3 Nf6 7. Nc3 d6 8. Be2 Qa5 9. 0-0 Qb6 10. Ne6 Qxb2 11. Na4 Qe5 12. Nc7+ Kd8 13. Nxa8 Nxe4 14. Qd5 Be6 15. Qxe5 Bxe5 16. Rab1 b6 17. f4 Bd4 18. Bxd4 Nxd4 19. Rfe1 Kd7 20. Bd3 Nc5 21. N8xb6+ axb6 22. Nxc5+ bxc5 23. Rb7+ Kc8 24. Rxe7 Nc6 25. R7xe6 fxe6 26. Rxe6 Kd7 27. Re2 Rf8 28. g3 Nd4 29. Rb2 Rf7 30. Rb7+ Ke6 31. Rxf7 Kxf7 32. Be4 Ke6 33. Kf2 Nf5 34. a4 Ne7 35. Bb7 Kd7 36. a5 Nc8 37. Bxc8+ Kxc8 38. Ke3 Kb7 39. Ke4 Ka6 40. Kd5 Kxa5 41. Kxd6 Kb4 42. g4 Kxc4 43. f5 Kd4 44. f6 c4 45. f7 c3 46. f8Q c2 47. Qc8 Kd3 48. Ke6 Kd2 49. Kf6 c1Q 50. Qxc1+ Kxc1 51. Kg7 1-0

[Event "Gaia Profigaia op 9th"]
[Site "Vila Nova de Gaia"]
[Date "2016.06.26"]
[Round "4"]
[White "Pedroso, Paulo Duarte Rodrig"]
[Black "Guimaraes, Rui"]
[Result "0-1"]
[WhiteElo "1517"]
[BlackElo "2119"]
[PlyCount "88"]
[EventDate "2016.06.24"]
[EventType "swiss"]
[EventRounds "7"]
[EventCountry "POR"]
[SourceTitle "EXT 2018"]
[Source "ChessBase"]
[SourceDate "2017.10.13"]
[SourceVersion "1"]
[SourceVersionDate "2017.10.13"]
[SourceQuality "1"]

1. e4 d6 2. d4 Nf6 3. Nc3 g6 4. Nf3 Bg7 5. Bc4 c6 6. Bb3 b5 7. a3 0-0 8. 0-0 Qc7 9. Bf4 Nh5 10. Be3 a5 11. d5 Ba6 12. Re1 c5 13. Qd2 Re8 14. Rab1 Nd7 15. a4 b4 16. Nb5 Bxb5 17. axb5 Reb8 18. Ba4 Nb6 19. Bb3 a4 20. Ba2 a3 21. bxa3 Rxa3 22. Bb3 Na4 23. Qd3 Nc3 24. Rbc1 Rxb5 25. Bd2 Rb8 26. Bxc3 Bxc3 27. Re3 Rc8 28. Qc4 Nf6 29. Rd1 Nd7 30. Nd2 Ne5 31. Qe2 Bxd2 32. Qxd2 Qd8 33. Ree1 Qa5 34. Qg5 c4 35. Bxc4 Nxc4 36. Qxe7 Qd8 37. Qb7 Rb8 38. Qc6 Rc3 39. Qa4 Nb2 40. Qa2 Nxd1 41. Rxd1 Qc8 42. Rd2 b3 43. Qa1 bxc2 44. Qc1 Rb1 0-1

[Event "Gaia Profigaia op 9th"]
[Site "Vila Nova de Gaia"]
[Date "2016.06.25"]
[Round "2"]
[White "Pedroso, Paulo Duarte Rodrig"]
[Black "Sousa, Hugo Carneiro"]
[Result "0-1"]
[WhiteElo "1517"]
[BlackElo "2002"]
[PlyCount "105"]
[EventDate "2016.06.24"]
[EventType "swiss"]
[EventRounds "7"]
[EventCountry "POR"]
[SourceTitle "EXT 2018"]
[Source "ChessBase"]
[SourceDate "2017.10.13"]
[SourceVersion "1"]
[SourceVersionDate "2017.10.13"]
[SourceQuality "1"]

1. e4 e6 2. d4 d5 3. Nc3 Nf6 4. e5 Nfd7 5. Bd3 c5 6. f4 cxd4 7. Nce2 Nc6 8. Nf3 Qb6 9. a4 a6 10. b3 Be7 11. Bb2 Bb4+ 12. Kf1 Bc5 13. g3 Ke7 14. Qc1 h6 15. Ba3 f6 16. Bxc5+ Qxc5 17. Nh4 Kd8 18. exf6 Nxf6 19. Nf3 Ne4 20. Qb2 Nc3 21. Re1 e5 22. Nxe5 Nxe5 23. fxe5 Bh3+ 24. Kg1 g5 25. b4 Qa7 26. a5 Rf8 27. Qc1 Nxe2+ 28. Rxe2 Rf1+ 29. Qxf1 Bxf1 30. Kxf1 Ke7 31. Kg2 Rf8 32. e6 Qb8 33. Rhe1 Qd6 34. Re5 Qxb4 35. Ra1 Rf6 36. Bf5 Qd2+ 37. Kh3 h5 38. Rxd5 g4+ 39. Kh4 Qxh2+ 40. Kg5 Qd2+ 41. Kh4 Rxf5 42. Rxf5 Kxe6 43. Raf1 Qxc2 44. Rxh5 d3 45. Rh6+ Kd5 46. Rh5+ Kc4 47. Rf4+ Kb3 48. Rd5 Qe2 49. Rfd4 Kc2 50. Rc5+ Kd2 51. Rxg4 Qe7+ 52. Rcg5 Ke1 53. Rd4 0-1

[Event "POR-ch U14"]
[Site "Luso"]
[Date "2015.07.26"]
[Round "7"]
[White "Pedroso, Paulo Duarte Rodrig"]
[Black "Bastiao, Goncalo de Oliveira"]
[Result "1/2-1/2"]
[WhiteElo "1448"]
[BlackElo "1446"]
[PlyCount "85"]
[EventDate "2015.07.22"]
[EventType "swiss"]
[EventRounds "7"]
[EventCountry "POR"]
[SourceTitle "EXT 2018"]
[Source "ChessBase"]
[SourceDate "2017.10.13"]
[SourceVersion "1"]
[SourceVersionDate "2017.10.13"]
[SourceQuality "1"]

1. e4 c5 2. Nf3 d6 3. d4 cxd4 4. Nxd4 Nf6 5. Nc3 g6 6. Be3 Bg7 7. f3 a6 8. Qd2 h5 9. 0-0-0 b5 10. Nce2 Bb7 11. Ng3 Nbd7 12. Bd3 Rc8 13. Kb1 Ne5 14. Rhf1 Nc4 15. Bxc4 Rxc4 16. Nge2 Nd7 17. Nc1 Nb6 18. b3 Rc8 19. Nde2 Qc7 20. Bd4 Bh6 21. Qc3 Qxc3 22. Nxc3 0-0 23. Bxb6 Rxc3 24. Bd4 Rc7 25. Nd3 Rfc8 26. Rf2 Ra8 27. Nb4 a5 28. Bb6 Rd7 29. Nd5 Ra6 30. Be3 Bg7 31. Bd4 Bxd5 32. Bxg7 Bxe4 33. fxe4 Kxg7 34. e5 e6 35. Rfd2 d5 36. c4 bxc4 37. bxc4 Rb7+ 38. Rb2 Rab6 39. Rxb6 Rxb6+ 40. Kc2 dxc4 41. Kc3 Rc6 42. a4 Rc5 43. Rb1 1/2-1/2

[Event "POR-ch U14"]
[Site "Luso"]
[Date "2015.07.23"]
[Round "2"]
[White "Garcia, Nathalia"]
[Black "Pedroso, Paulo Duarte Rodrig"]
[Result "0-1"]
[WhiteElo "1290"]
[BlackElo "1448"]
[PlyCount "118"]
[EventDate "2015.07.22"]
[EventType "swiss"]
[EventRounds "7"]
[EventCountry "POR"]
[SourceTitle "EXT 2018"]
[Source "ChessBase"]
[SourceDate "2017.10.13"]
[SourceVersion "1"]
[SourceVersionDate "2017.10.13"]
[SourceQuality "1"]

1. e4 c5 2. Nc3 e6 3. Nf3 a6 4. Be2 b5 5. d3 Qc7 6. 0-0 Bb7 7. Be3 Nf6 8. Nb1 Nc6 9. Nbd2 d5 10. exd5 Nxd5 11. Ne4 Ne5 12. Nxe5 Nxe3 13. fxe3 Qxe5 14. Bf3 Qxb2 15. Nf6+ gxf6 16. Bxb7 Ra7 17. Bf3 Bd6 18. d4 cxd4 19. Qxd4 Qxd4 20. exd4 Rc7 21. Rac1 Ba3 22. Rcd1 Rxc2 23. Rf2 Rxf2 24. Kxf2 Ke7 25. Rd3 Bb4 26. Rb3 Ba5 27. Ra3 Bb6 28. Rxa6 Bxd4+ 29. Ke2 Rd8 30. Ra5 b4 31. Rb5 Bc3 32. Be4 Rd2+ 33. Kf3 f5 34. Bb1 Rb2 35. Bd3 Rxa2 36. Bc4 Rd2 37. Bb3 Rd3+ 38. Ke2 Rd2+ 39. Kf3 h6 40. h3 Rd3+ 41. Ke2 Rg3 42. Kf2 f4 43. Bc4 Kf6 44. Ba2 Rg5 45. Rb7 Ra5 46. Bb3 Ra7 47. Rb5 Ra3 48. Bc4 Ra7 49. Kf3 e5 50. Ke4 Rd7 51. Kf3 Kg5 52. Rb8 Rd6 53. Rb5 f5 54. Rb8 e4+ 55. Kf2 Rd2+ 56. Kf1 Kh4 57. Rb5 Kg3 58. Rxf5 Rd1+ 59. Ke2 Re1# 0-1

[Event "Madeira AEJ op 11th"]
[Site "Sao Joao da Madeira"]
[Date "2014.10.05"]
[Round "3"]
[White "Pedroso, Paulo Duarte Rodrig"]
[Black "Fernandes, Tiago Saraiva"]
[Result "1/2-1/2"]
[WhiteElo "1407"]
[BlackElo "1653"]
[PlyCount "92"]
[EventDate "2014.10.04"]
[EventType "swiss"]
[EventRounds "7"]
[EventCountry "POR"]
[SourceTitle "EXT 2018"]
[Source "ChessBase"]
[SourceDate "2017.10.13"]
[SourceVersion "1"]
[SourceVersionDate "2017.10.13"]
[SourceQuality "1"]

1. e4 c5 2. Nf3 Nc6 3. d4 cxd4 4. Nxd4 g6 5. c4 Nf6 6. Nc3 d6 7. Be2 Nxd4 8. Qxd4 Bg7 9. Qd1 0-0 10. 0-0 Be6 11. Be3 a6 12. Qd2 Rc8 13. b3 Re8 14. Rac1 Qa5 15. f3 Bd7 16. g4 h5 17. h3 Qc7 18. Kf2 Qa5 19. Nd5 Qxd2 20. Nxf6+ Bxf6 21. Bxd2 hxg4 22. hxg4 Kg7 23. Be3 Rh8 24. Rh1 Rxh1 25. Rxh1 Rh8 26. Rxh8 Kxh8 27. c5 dxc5 28. Bxc5 e6 29. Ke3 Kg8 30. Bc4 Bc6 31. Ke2 Kg7 32. Kf2 Bg5 33. Ke2 Bf4 34. Be3 Bd6 35. Bg5 Kf8 36. Bf6 Ke8 37. Ke3 Ba3 38. Bc3 Be7 39. Be5 Kd7 40. Kd4 Ba3 41. Ke3 Bc1+ 42. Ke2 Ba3 43. Ke3 Bc1+ 44. Ke2 Bg5 45. Kf2 Be7 46. Ke3 Ba3 1/2-1/2

[Event "POR-ch U14"]
[Site "Luso"]
[Date "2014.07.26"]
[Round "6"]
[White "Passeiro, Diogo Miguel V"]
[Black "Pedroso, Paulo Duarte Rodrig"]
[Result "1/2-1/2"]
[WhiteElo "1563"]
[BlackElo "1446"]
[PlyCount "68"]
[EventDate "2014.07.23"]
[EventType "swiss"]
[EventRounds "7"]
[EventCountry "POR"]
[SourceTitle "EXT 2015"]
[Source "ChessBase"]
[SourceDate "2014.11.20"]
[SourceVersion "1"]
[SourceVersionDate "2014.11.20"]
[SourceQuality "1"]

1. e4 c5 2. c3 e6 3. d4 cxd4 4. cxd4 d5 5. exd5 Qxd5 6. Nc3 Bb4 7. Nf3 Nf6 8. Bd3 0-0 9. 0-0 Bxc3 10. bxc3 Nc6 11. Re1 b6 12. Bg5 Nd7 13. Qe2 Qd6 14. Qe4 g6 15. Qh4 Re8 16. Bh6 Bb7 17. Nd2 Ne7 18. f3 Nd5 19. Ne4 Qe7 20. Qxe7 Rxe7 21. a3 e5 22. c4 Nc7 23. d5 Na6 24. Bg5 Ree8 25. Nd6 Reb8 26. Nxb7 Rxb7 27. d6 Nac5 28. Be4 Nxe4 29. Rxe4 f6 30. Bh4 Rc8 31. Rc1 Rc6 32. Re3 Rxd6 33. Bg3 Rc6 34. f4 b5 1/2-1/2

[Event "Gaia Profigaia op 7th"]
[Site "Vila Nova de Gaia"]
[Date "2014.06.29"]
[Round "3"]
[White "Matos, Goncalo Abreu Silva"]
[Black "Pedroso, Paulo Duarte Rodrig"]
[Result "1/2-1/2"]
[WhiteElo "1281"]
[BlackElo "1446"]
[PlyCount "60"]
[EventDate "2014.06.28"]
[EventType "swiss"]
[EventRounds "9"]
[EventCountry "POR"]
[SourceTitle "CBM 161 Extra"]
[Source "ChessBase"]
[SourceDate "2014.08.29"]
[SourceVersion "1"]
[SourceVersionDate "2014.08.29"]
[SourceQuality "1"]

1. e4 c5 2. Nf3 e6 3. Bc4 a6 4. a4 d6 5. Nc3 Nf6 6. d3 Be7 7. 0-0 0-0 8. Re1 Nc6 9. Qe2 Qc7 10. Be3 Rd8 11. d4 cxd4 12. Nxd4 Nxe4 13. Nxe4 d5 14. Bxd5 Rxd5 15. Nxc6 Qxc6 16. Nc3 Rd8 17. Rad1 b5 18. axb5 axb5 19. Qxb5 Qxb5 20. Nxb5 Rb8 21. Rxd8+ Bxd8 22. Rd1 Be7 23. Nd6 h6 24. Nxc8 Rxc8 25. c3 Rb8 26. b4 Bf6 27. Bd4 Rd8 28. Rd2 Bg5 29. Re2 Bf6 30. Rd2 g5 1/2-1/2

[Event "Gaia Profigaia op 7th"]
[Site "Vila Nova de Gaia"]
[Date "2014.06.29"]
[Round "4"]
[White "Pedroso, Paulo Duarte Rodrig"]
[Black "Ribeiro, Andre Amorim"]
[Result "1-0"]
[WhiteElo "1446"]
[BlackElo "1190"]
[PlyCount "107"]
[EventDate "2014.06.28"]
[EventType "swiss"]
[EventRounds "9"]
[EventCountry "POR"]
[SourceTitle "CBM 161 Extra"]
[Source "ChessBase"]
[SourceDate "2014.08.29"]
[SourceVersion "1"]
[SourceVersionDate "2014.08.29"]
[SourceQuality "1"]

1. e4 c5 2. Nf3 Nc6 3. d4 cxd4 4. Nxd4 g6 5. c4 Bg7 6. Be3 Nf6 7. Nc3 Qa5 8. f3 0-0 9. Qd2 d6 10. Be2 Bd7 11. 0-0 Rac8 12. Nxc6 Rxc6 13. Nd5 Qxd2 14. Nxe7+ Kh8 15. Bxd2 Rc7 16. Bb4 b5 17. Bxd6 Rb7 18. c5 Ne8 19. Rfd1 Nxd6 20. Rxd6 Bxb2 21. Rad1 Be8 22. Nd5 Ba3 23. c6 Bxd6 24. cxb7 Bc6 25. Nc3 Bc5+ 26. Kf1 a6 27. Rc1 Bxb7 28. Nxb5 Be3 29. Rc7 Rc8 30. Rxb7 Rc1+ 31. Bd1 Rxd1+ 32. Ke2 Rb1 33. Nd6 Rxb7 34. Nxb7 Bf4 35. h3 Kg7 36. Kd3 Kf6 37. Kd4 Ke6 38. Nc5+ Kd6 39. Nxa6 Be5+ 40. Kc4 g5 41. g4 h6 42. a4 Bg3 43. Nb4 Bf2 44. Kb5 Kc7 45. a5 Kb7 46. a6+ Kb8 47. Nc6+ Ka8 48. a7 Kb7 49. Kc4 Be1 50. Kd5 Bc3 51. e5 Ka8 52. Kd6 Bb2 53. Ke7 Ba3+ 54. Kxf7 1-0

[Event "Gaia Profigaia op 7th"]
[Site "Vila Nova de Gaia"]
[Date "2014.06.28"]
[Round "2"]
[White "Pedroso, Paulo Duarte Rodrig"]
[Black "Bastos, Ana Raquel da Costa"]
[Result "0-1"]
[WhiteElo "1446"]
[BlackElo "1655"]
[PlyCount "104"]
[EventDate "2014.06.28"]
[EventType "swiss"]
[EventRounds "9"]
[EventCountry "POR"]
[SourceTitle "CBM 161 Extra"]
[Source "ChessBase"]
[SourceDate "2014.08.29"]
[SourceVersion "1"]
[SourceVersionDate "2014.08.29"]
[SourceQuality "1"]

1. e4 c5 2. Nf3 Nc6 3. d4 cxd4 4. Nxd4 g6 5. c4 Nf6 6. Nc3 d6 7. Be3 Ng4 8. Nxc6 Nxe3 9. Nxd8 Nxd1 10. Rxd1 Kxd8 11. c5 Bd7 12. cxd6 exd6 13. Bc4 Ke8 14. 0-0 Rc8 15. Bb5 Bc6 16. Rd3 Be7 17. Re1 Kf8 18. Bc4 Kg7 19. Bd5 Rhd8 20. Nd1 Bf6 21. b3 Bb5 22. Rd2 Rc1 23. Bc4 Bxc4 24. bxc4 Bc3 25. Ree2 Bxd2 26. Rxd2 Rxc4 27. Ne3 Rxe4 28. Rb2 Rc8 29. g3 b6 30. Rd2 Rc6 31. Nc2 Rec4 32. Nd4 Rc1+ 33. Kg2 Rc7 34. Nb5 Rd7 35. Nxd6 Kf8 36. a3 Ke7 37. Ne4 Rxd2 38. Nxd2 Rc3 39. a4 Ra3 40. Kf1 Rxa4 41. Ke2 Ra2 42. Kd3 Rxd2+ 43. Kxd2 Kd6 44. f4 Kd5 45. Kd3 b5 46. h4 a5 47. g4 b4 48. h5 a4 49. hxg6 fxg6 50. f5 gxf5 51. gxf5 Ke5 52. Kc4 a3 0-1

[Event "St Joao da Madeira op 10th"]
[Site "Sao Joao da Madeira"]
[Date "2013.10.06"]
[Round "3.31"]
[White "Pedroso, Paulo Duarte Rodrig"]
[Black "Saraiva, Rafael Morais"]
[Result "1/2-1/2"]
[WhiteElo "1400"]
[BlackElo "1584"]
[PlyCount "89"]
[EventDate "2013.10.05"]
[EventType "swiss"]
[EventRounds "7"]
[EventCountry "POR"]
[SourceTitle "EXT 2015"]
[Source "ChessBase"]
[SourceDate "2014.11.20"]
[SourceVersion "1"]
[SourceVersionDate "2014.11.20"]
[SourceQuality "1"]

1. e4 d5 2. exd5 Qxd5 3. Nc3 Qd8 4. d4 Nf6 5. Nf3 Bg4 6. h3 Bh5 7. g4 Bg6 8. Bg2 c6 9. Ne5 Nbd7 10. Nxg6 hxg6 11. Bf4 e6 12. Qd3 Nb6 13. 0-0-0 Bd6 14. Bg3 Qc7 15. Ne4 Nxe4 16. Bxe4 0-0-0 17. Bg2 Rd7 18. Qe3 Nc4 19. Qc3 Nb6 20. Qe3 Rhd8 21. Rhf1 Kb8 22. b3 Bxg3 23. fxg3 Nd5 24. Bxd5 cxd5 25. Qe5 Rc8 26. Qxc7+ Rdxc7 27. Rd2 f5 28. gxf5 gxf5 29. Re1 Rc3 30. Rxe6 Rxg3 31. Re5 g6 32. Rxd5 Rxh3 33. Rd6 Rg3 34. Rf6 Rd8 35. d5 Rg1+ 36. Kb2 Rg4 37. d6 f4 38. d7 Kc7 39. Rf7 f3 40. Rxf3 Rxd7 41. Rxd7+ Kxd7 42. Rf7+ Kc6 43. Rg7 Rg2 44. Ka3 g5 45. Rg6+ 1/2-1/2

[Event "St Joao da Madeira op 10th"]
[Site "Sao Joao da Madeira"]
[Date "2013.10.05"]
[Round "2.25"]
[White "Fernandes, Tiago Saraiva"]
[Black "Pedroso, Paulo Duarte Rodrig"]
[Result "1/2-1/2"]
[WhiteElo "1554"]
[BlackElo "1400"]
[PlyCount "70"]
[EventDate "2013.10.05"]
[EventType "swiss"]
[EventRounds "7"]
[EventCountry "POR"]
[SourceTitle "EXT 2015"]
[Source "ChessBase"]
[SourceDate "2014.11.20"]
[SourceVersion "1"]
[SourceVersionDate "2014.11.20"]
[SourceQuality "1"]

1. e4 c5 2. Nf3 e6 3. d4 cxd4 4. Nxd4 a6 5. Nc3 b5 6. Bd3 Qb6 7. Nb3 Bb7 8. Be3 Qc7 9. 0-0 Nf6 10. a3 d5 11. exd5 Nxd5 12. Nxd5 Bxd5 13. f4 Bd6 14. Qh5 g6 15. Qh6 Bf8 16. Qh4 Bg7 17. Rab1 0-0 18. Qf2 Nc6 19. Nd2 Rab8 20. Ne4 Na5 21. Qh4 Ba2 22. Ra1 Bc4 23. Nf6+ Bxf6 24. Qxf6 Qd8 25. Qxd8 Rfxd8 26. Bxc4 Nxc4 27. Bc1 Nd2 28. Rf2 Ne4 29. Rf3 Rbc8 30. c3 Nd2 31. Rf2 Ne4 32. Rf1 Nd2 33. Re1 Nb3 34. Rb1 Nd2 35. Ra1 Nb3 1/2-1/2

[Event "Gaia Profigaia op 6th"]
[Site "Vila Nova de Gaia"]
[Date "2013.07.07"]
[Round "3.20"]
[White "Alves, Antonio Ricardo Lou"]
[Black "Pedroso, Paulo Duarte Rodrig"]
[Result "1/2-1/2"]
[WhiteElo "1763"]
[BlackElo "1392"]
[PlyCount "71"]
[EventDate "2013.07.06"]
[EventType "swiss"]
[EventRounds "9"]
[EventCountry "POR"]
[SourceTitle "EXT 2015"]
[Source "ChessBase"]
[SourceDate "2014.11.20"]
[SourceVersion "1"]
[SourceVersionDate "2014.11.20"]
[SourceQuality "1"]

1. e4 c5 2. Nc3 e6 3. f4 d6 4. Nf3 a6 5. d3 b5 6. Bd2 Bb7 7. g3 Nf6 8. Bg2 Nc6 9. 0-0 Be7 10. e5 Nd5 11. exd6 Qxd6 12. Ne4 Qc7 13. c4 Nf6 14. cxb5 axb5 15. Qc2 Rc8 16. a3 b4 17. Rac1 bxa3 18. bxa3 Nb8 19. Ne5 Nbd7 20. Nc4 0-0 21. Rb1 Nxe4 22. dxe4 e5 23. Bh3 Ba6 24. Ba5 Qa7 25. Bxd7 Bxc4 26. Bxc8 Bxf1 27. Bb6 Qxa3 28. Kxf1 Qf3+ 29. Kg1 Rxc8 30. fxe5 Qe3+ 31. Kg2 Qd4 32. Ba5 Qxe5 33. Bc3 Qd6 34. Rd1 Qb6 35. Rb1 Qd6 36. Rd1 1/2-1/2